Futurama Extravaganza - Statistics

General Stats
  • This quiz has been taken 370 times
    351 since last reset
  • The average score is 7 of 15
Answer Stats
Hint Answer % Correct
creator of Futurama Matt Groening
93%
Fry and Bender first meet in a suicide booth
73%
Amy is Kiff's.... Smizmar
62%
Pizza Parlor where Fry worked Panucci's
57%
Zoidberg's Uncle Harold Zoid
51%
Fry makes a deal with the Robot Devil to play what? holophonor
49%
Fry's 21st century girlfriend Michelle
45%
voice of Bender John DiMaggio
44%
Fry's brain is "special" because it's missing what? Delta brain wave
42%
Hermes' son's name Dwight
42%
Fry could not make it out of the infosphere because he was riding a Scooty-Puff, Jr.
31%
Name of the Whale Leela swam with mushu
27%
Hubert's "natual" son Igner
20%
I.C. Weiner was located where? Applied Cryogenics
13%
Kiff's home world Amphibios 9
8%
No matching quizzes found
Score Distribution
Percent of People with Each Score
Percentile by Number Answered
Your Score History
You have not taken this quiz since the last reset